<?xml version="1.0" encoding="UTF-8"?>
<record
    xmlns:xsi="http://www.w3.org/2001/XMLSchema-instance"
    xsi:schemaLocation="http://www.loc.gov/MARC21/slim http://www.loc.gov/standards/marcxml/schema/MARC21slim.xsd"
    xmlns="http://www.loc.gov/MARC21/slim">

  <leader>02868nam a22003137a 4500</leader>
  <controlfield tag="003">OSt</controlfield>
  <controlfield tag="005">20240913103414.0</controlfield>
  <controlfield tag="007">cr ||||||a|c|a</controlfield>
  <controlfield tag="008">240911s2021    mx a|||fom||| 001 0 spa d</controlfield>
  <datafield tag="040" ind1=" " ind2=" ">
    <subfield code="e">rda</subfield>
  </datafield>
  <datafield tag="100" ind1="1" ind2=" ">
    <subfield code="a">Ca&#xF1;ada Lugo, Mar&#xED;a Guadalupe</subfield>
    <subfield code="9">189592</subfield>
  </datafield>
  <datafield tag="245" ind1="1" ind2="0">
    <subfield code="a">Suplementaci&#xF3;n con nucle&#xF3;tidos durante la lactancia artificial de terneros holstein /</subfield>
    <subfield code="c">por Maria Guadalupe Ca&#xF1;ada Lugo; director Alejandro Lara Bueno; codirector Germ&#xE1;n David Mendoza Mart&#xED;nez; asesor Luis Alberto Miranda Romero</subfield>
  </datafield>
  <datafield tag="264" ind1=" " ind2="1">
    <subfield code="a">Chapingo, M&#xE9;xico :</subfield>
    <subfield code="b">El autor,</subfield>
    <subfield code="c">2021.</subfield>
  </datafield>
  <datafield tag="300" ind1=" " ind2=" ">
    <subfield code="a">1 recurso en l&#xED;nea (62  p&#xE1;ginas):</subfield>
    <subfield code="b">Ilustraciones, cuadros</subfield>
  </datafield>
  <datafield tag="336" ind1=" " ind2=" ">
    <subfield code="2">rdacontent</subfield>
    <subfield code="a">texto</subfield>
    <subfield code="b">txt</subfield>
  </datafield>
  <datafield tag="337" ind1=" " ind2=" ">
    <subfield code="2">rdamedia</subfield>
    <subfield code="a">computadora</subfield>
    <subfield code="b">c</subfield>
  </datafield>
  <datafield tag="338" ind1=" " ind2=" ">
    <subfield code="2">rdacarrier</subfield>
    <subfield code="a">recurso en l&#xED;nea</subfield>
    <subfield code="b">cr</subfield>
  </datafield>
  <datafield tag="502" ind1=" " ind2=" ">
    <subfield code="b">MCIG</subfield>
    <subfield code="c">Zootecn&#xED;a</subfield>
    <subfield code="d">2021</subfield>
    <subfield code="g">LIC</subfield>
  </datafield>
  <datafield tag="504" ind1=" " ind2=" ">
    <subfield code="a">Incluye referencias bibliogr&#xE1;ficas: p&#xE1;ginas 39-44, 56-62</subfield>
  </datafield>
  <datafield tag="520" ind1=" " ind2=" ">
    <subfield code="a">Los nucle&#xF3;tidos se han evaluado en cerdos, aves y peces, con resultados positivos en el consumo de alimento, eficiencia y conversi&#xF3;n alimenticia; sin embargo, no se han incluido en dietas para terneros. El objetivo del estudio fue evaluar efectos de suplementar una fuente comercial de nucle&#xF3;tidos naturales (Ascogen&#xAE;) en el comportamiento productivo, crecimiento y estado de salud de terneros Holstein-Friesian., Treinta terneros lactantes fueron asignados aleatoriamente a uno de tres tratamientos: 0, 2.5 y 5.0 g d-1 de Ascogen&#xAE; el cual fue proporcionado diariamente en la leche durante 65 d&#xED;as. Se midi&#xF3; el consumo diario de leche y concentrado iniciador, la incidencia de diarreas, neumon&#xED;as y otitis, y el peso corporal, altura a la grupa, altura a la cadera y di&#xE1;metro tor&#xE1;cico. Los terneros suplementados con nucle&#xF3;tidos mostraron mejor conversi&#xF3;n (p&lt;0.02) y eficiencia alimenticia (p&lt;0.04) en comparaci&#xF3;n con el grupo control. Los terneros del grupo control tuvieron menor incidencia de diarreas (p&lt;0.10), pero el peso vivo final fue mayor (p&lt;0.05) comparado con el de los terneros suplementados con nucle&#xF3;tidos. Hubo disminuci&#xF3;n en la concentraci&#xF3;n de glucosa(p&lt;0.01), aumento de creatinina(p&gt;0.01) y fosfatasa alcalina (p&lt;0.10) en suero sangu&#xED;neo, en los terneros que bebieron leche adicionada con nucle&#xF3;tido. La inclusi&#xF3;n de Ascogen&#xAE; es una alternativa para mejorar el comportamiento productivo de terneros Holstein durante la lactancia artificial.</subfield>
  </datafield>
  <datafield tag="650" ind1=" " ind2="4">
    <subfield code="a">Suplementaci&#xF3;n dirigida</subfield>
    <subfield code="9">146493</subfield>
  </datafield>
  <datafield tag="650" ind1=" " ind2="4">
    <subfield code="a">Becerros</subfield>
    <subfield code="x">Lactancia</subfield>
    <subfield code="9">131829</subfield>
  </datafield>
  <datafield tag="650" ind1=" " ind2="4">
    <subfield code="a">Metabolismo en rumiantes</subfield>
    <subfield code="9">75155</subfield>
  </datafield>
  <datafield tag="700" ind1="1" ind2=" ">
    <subfield code="a">Lara Bueno, Alejandro</subfield>
    <subfield code="9">64829</subfield>
    <subfield code="e">director</subfield>
  </datafield>
  <datafield tag="700" ind1="1" ind2=" ">
    <subfield code="a">Mendoza Mart&#xED;nez, Germ&#xE1;n David</subfield>
    <subfield code="9">74686</subfield>
    <subfield code="e">codirector</subfield>
  </datafield>
  <datafield tag="700" ind1="1" ind2=" ">
    <subfield code="a">Miranda Romero, Luis Alberto</subfield>
    <subfield code="9">76103</subfield>
    <subfield code="e">asesor</subfield>
  </datafield>
  <datafield tag="856" ind1=" " ind2=" ">
    <subfield code="u">http://10.13.5.2/tesis/tm/2021_ZO_Canada_Lugo_MariaGuadalupe.pdf</subfield>
    <subfield code="z">DESCARGAR PDF</subfield>
  </datafield>
  <datafield tag="942" ind1=" " ind2=" ">
    <subfield code="2">Clasificaci&#xF3;n Universidad Aut&#xF3;noma Chapingo</subfield>
    <subfield code="c">TD</subfield>
  </datafield>
  <datafield tag="999" ind1=" " ind2=" ">
    <subfield code="c">220158</subfield>
    <subfield code="d">220158</subfield>
  </datafield>
  <datafield tag="952" ind1=" " ind2=" ">
    <subfield code="0">0</subfield>
    <subfield code="1">0</subfield>
    <subfield code="2">local</subfield>
    <subfield code="4">0</subfield>
    <subfield code="5">1</subfield>
    <subfield code="7">0</subfield>
    <subfield code="8">TesDigL</subfield>
    <subfield code="a">BD</subfield>
    <subfield code="b">BD</subfield>
    <subfield code="c">E_L</subfield>
    <subfield code="d">2024-09-11</subfield>
    <subfield code="l">0</subfield>
    <subfield code="o">Tesis digital</subfield>
    <subfield code="r">2024-09-11 15:05:09</subfield>
    <subfield code="w">2024-09-11</subfield>
    <subfield code="y">TD</subfield>
  </datafield>
</record>
